Zhodnotenie koncepcie Bratislava rozumné mesto 2030 bakalárska práca

Enregistré dans:
Détails bibliographiques
Auteur principal: Megová, Viktória
Collectivités auteurs: Národohospodárska fakulta EU. Katedra ekonómie, Univerzita Komenského v Bratislave. Právnická fakulta
Autres auteurs: Leško, Peter, 1989-
Format: Livre
Langue:slovaque
Publié: Bratislava 2023
Tags: Ajouter un tag
Pas de tags, Soyez le premier à ajouter un tag!

MARC

LEADER 00000nbm a2200000 4500
001 0294548
005 20231204101151.8
041 0 |a slo 
044 |a SK 
245 1 0 |a Zhodnotenie koncepcie Bratislava rozumné mesto 2030  |b bakalárska práca  |c Viktória Megová ; školiteľ: Peter Leško 
264 1 |a Bratislava  |c 2023 
300 |a 66 s. 
100 1 |a Megová, Viktória 
700 1 |a Leško, Peter, 1989- 
710 2 |a Národohospodárska fakulta EU. Katedra ekonómie 
710 2 |a Univerzita Komenského v Bratislave. Právnická fakulta